[Event "ITA-chT 46th"]
[Site "Condino"]
[Date "2014.05.01"]
[Round "2.2"]
[White "Scalcione, Michelangelo"]
[Black "Malloni, Marcello"]
[Result "0-1"]
[WhiteElo "2325"]
[BlackElo "2350"]
[PlyCount "103"]
[EventDate "2014.04.30"]
[EventType "team-swiss"]
[EventRounds "7"]
[EventCountry "ITA"]
[SourceTitle "CBM 160 Extra"]
[Source "ChessBase"]
[SourceDate "2014.07.01"]
[SourceVersion "1"]
[SourceVersionDate "2014.07.01"]
[SourceQuality "1"]
[WhiteTeam "WorldtradingLab"]
[BlackTeam "Latina"]
[WhiteTeamCountry "ITA"]
[BlackTeamCountry "ITA"]

1. Nf3 d5 2. d4 Nf6 3. c4 e6 4. Nc3 Bb4 5. Bg5 c5 6. cxd5 exd5 7. e3 Nbd7 8. Bb5 Qa5 9. Bxd7+ Nxd7 10. 0-0 c4 11. Re1 0-0 12. Qc2 Nb6 13. Bf4 f6 14. h3 Be6 15. Bg3 Rfe8 16. a3 Bxc3 17. bxc3 Na4 18. Rac1 b5 19. Nd2 Qd8 20. f3 Qe7 21. Ra1 Qd7 22. Kh2 Bf5 23. e4 Bg6 24. Qc1 dxe4 25. fxe4 Re7 26. e5 Rae8 27. Nf3 Qd5 28. Ra2 Nb6 29. Rae2 Bh5 30. Re3 Bxf3 31. Rxf3 Nd7 32. exf6 Rxe1 33. f7+ Qxf7 34. Bxe1 Qe6 35. Bg3 h6 36. Bf4 a6 37. Rg3 Kh7 38. Qd1 Rf8 39. d5 Qe4 40. Qg4 Rf7 41. Be3 Nf6 42. Qxe4+ Nxe4 43. Rf3 Rxf3 44. gxf3 Nf6 45. d6 Kg6 46. Kg3 Kf5 47. Bd4 g6 48. h4 h5 49. Bc5 Nd7 50. Bd4 a5 51. Be3 Ke5 52. Bd4+ 0-1

[Event "Roseto op 5th"]
[Site "Roseto"]
[Date "2014.01.05"]
[Round "5"]
[White "Buiano, Fabio"]
[Black "Scalcione, Michelangelo"]
[Result "0-1"]
[WhiteElo "2034"]
[BlackElo "2335"]
[PlyCount "44"]
[EventDate "2014.01.03"]
[EventType "swiss"]
[EventRounds "7"]
[EventCountry "ITA"]
[SourceTitle "EXT 2015"]
[Source "ChessBase"]
[SourceDate "2014.11.20"]
[SourceVersion "1"]
[SourceVersionDate "2014.11.20"]
[SourceQuality "1"]

1. e4 d6 2. d4 Nf6 3. Nc3 e5 4. dxe5 dxe5 5. Qxd8+ Kxd8 6. Bg5 Be6 7. f4 exf4 8. 0-0-0+ Nbd7 9. Nf3 Kc8 10. Bxf4 Bb4 11. Nd5 Bxd5 12. exd5 Bd6 13. Bxd6 cxd6 14. Bd3 Kc7 15. c4 Rhe8 16. Nd4 a6 17. Nf5 g6 18. Ng3 Ng4 19. Rde1 Nf2 20. Kd2 Nxh1 21. Rxh1 Ne5 22. Ne4 Nxc4+ 0-1

[Event "ITA-ch sf 73rd"]
[Site "Civitanova Marche"]
[Date "2013.07.25"]
[Round "6"]
[White "Sibilio, Mario"]
[Black "Scalcione, Michelangelo"]
[Result "1/2-1/2"]
[WhiteElo "2306"]
[BlackElo "2342"]
[PlyCount "81"]
[EventDate "2013.07.20"]
[EventType "swiss"]
[EventRounds "9"]
[EventCountry "ITA"]
[SourceTitle "EXT 2015"]
[Source "ChessBase"]
[SourceDate "2014.11.20"]
[SourceVersion "1"]
[SourceVersionDate "2014.11.20"]
[SourceQuality "1"]

1. e4 d6 2. Bc4 Nf6 3. d3 c6 4. Bb3 g6 5. Nf3 Bg7 6. 0-0 0-0 7. Re1 e5 8. Nbd2 Nbd7 9. c3 Qe7 10. d4 Nh5 11. Nc4 Nb6 12. Bg5 Qc7 13. Nxb6 axb6 14. h3 h6 15. Be3 Nf6 16. Nd2 b5 17. dxe5 dxe5 18. c4 bxc4 19. Nxc4 Be6 20. Bb6 Qe7 21. Qd6 Qxd6 22. Nxd6 Bxb3 23. axb3 Nd7 24. Be3 b6 25. Red1 Rxa1 26. Rxa1 Rd8 27. Ra7 Bf8 28. Nc4 b5 29. Na5 Nc5 30. Nxc6 Rd1+ 31. Kh2 Nxe4 32. Ra8 Kg7 33. Bxh6+ Kxh6 34. Rxf8 f6 35. f3 Kg7 36. Rd8 Rxd8 37. Nxd8 Nc5 38. b4 Nd3 39. Ne6+ Kf7 40. Nc7 Nxb2 41. Nxb5 1/2-1/2

[Event "ITA-ch sf 72nd"]
[Site "Civitanova Marche"]
[Date "2012.07.20"]
[Round "7"]
[White "Gagliardi, Christian"]
[Black "Scalcione, Michelangelo"]
[Result "0-1"]
[WhiteElo "2209"]
[BlackElo "2346"]
[PlyCount "86"]
[EventDate "2012.07.15"]
[EventType "swiss"]
[EventRounds "9"]
[EventCountry "ITA"]
[SourceTitle "EXT 2013"]
[Source "ChessBase"]
[SourceDate "2012.11.22"]
[SourceVersion "1"]
[SourceVersionDate "2012.11.22"]
[SourceQuality "1"]

1. e4 d6 2. d4 Nf6 3. Nc3 e5 4. Nf3 Nbd7 5. Bc4 Be7 6. 0-0 0-0 7. Re1 c6 8. a4 h6 9. h3 Nh7 10. a5 a6 11. d5 c5 12. Bd3 Kh8 13. Nd2 Bg5 14. Nc4 Qe7 15. Na4 g6 16. Ra3 Rg8 17. Rb3 Nhf6 18. g3 Bxc1 19. Qxc1 Kg7 20. Bf1 Rb8 21. Qd2 Rh8 22. Bg2 Re8 23. Rbe3 Nf8 24. b4 cxb4 25. Qxb4 Rd8 26. f4 exf4 27. gxf4 Nh5 28. Rf1 Qh4 29. Ref3 Bd7 30. Nab6 Bb5 31. R1f2 Bxc4 32. Nxc4 f5 33. exf5 gxf5 34. Ne3 Qf6 35. Bf1 Ng6 36. Ng2 Re8 37. Re2 Rxe2 38. Bxe2 Re8 39. Qxb7+ Re7 40. Qxa6 Nhxf4 41. Nxf4 Nxf4 42. Rg3+ Kh7 43. Bf1 Qd4+ 0-1

[Event "ITA-ch sf 72nd"]
[Site "Civitanova Marche"]
[Date "2012.07.19"]
[Round "6"]
[White "Scalcione, Michelangelo"]
[Black "Genocchio, Daniele"]
[Result "0-1"]
[WhiteElo "2346"]
[BlackElo "2431"]
[PlyCount "94"]
[EventDate "2012.07.15"]
[EventType "swiss"]
[EventRounds "9"]
[EventCountry "ITA"]
[SourceTitle "EXT 2013"]
[Source "ChessBase"]
[SourceDate "2012.11.22"]
[SourceVersion "1"]
[SourceVersionDate "2012.11.22"]
[SourceQuality "1"]

1. Nf3 Nc6 2. d4 d5 3. c4 e5 4. cxd5 Qxd5 5. Nc3 Bb4 6. Bd2 Bxc3 7. Bxc3 e4 8. Ne5 e3 9. Nxc6 bxc6 10. f3 Nf6 11. Qd3 Qg5 12. g3 0-0 13. Bg2 Nd5 14. 0-0 Bf5 15. Qc4 Qg6 16. f4 Rad8 17. Rac1 Rfe8 18. Bb4 Re6 19. Bc5 h5 20. Bb4 h4 21. Be1 Be4 22. Bxe4 Rxe4 23. Qd3 f5 24. Kh1 Rd6 25. gxh4 Qe6 26. Bg3 Kh7 27. Rc5 Qf6 28. Rc4 Nb6 29. Rc2 Qe6 30. Qb3 Rd5 31. Rf3 Qe8 32. Rc3 Rb5 33. Qc2 Nd5 34. Rc4 Rb8 35. a3 Rb6 36. Rf1 Qg6 37. Rf3 Qg4 38. Kg2 Nxf4+ 39. Kh1 Nd5 40. Be5 Qxf3+ 41. exf3 e2 42. Qxe4 fxe4 43. Rc1 exf3 44. Kg1 Rxb2 45. Kf2 e1Q+ 46. Kxe1 Re2+ 47. Kf1 Ne3+ 0-1

[Event "ITA-ch sf 72nd"]
[Site "Civitanova Marche"]
[Date "2012.07.17"]
[Round "3"]
[White "Xia, Jie"]
[Black "Scalcione, Michelangelo"]
[Result "0-1"]
[WhiteElo "2301"]
[BlackElo "2346"]
[PlyCount "46"]
[EventDate "2012.07.15"]
[EventType "swiss"]
[EventRounds "9"]
[EventCountry "ITA"]
[SourceTitle "EXT 2013"]
[Source "ChessBase"]
[SourceDate "2012.11.22"]
[SourceVersion "1"]
[SourceVersionDate "2012.11.22"]
[SourceQuality "1"]

1. e4 d6 2. d4 Nf6 3. Nc3 c6 4. Nf3 Bg4 5. Be2 e6 6. 0-0 d5 7. Bg5 Be7 8. e5 Nfd7 9. Bxe7 Qxe7 10. Nd2 Bxe2 11. Qxe2 a6 12. f4 c5 13. dxc5 Qxc5+ 14. Kh1 g6 15. Rad1 Nc6 16. Nb3 Qe7 17. Qe3 h5 18. a3 Rc8 19. Rd2 h4 20. Qh3 Rh5 21. Rfd1 Rd8 22. Rxd5 exd5 23. Nxd5 Nb6 0-1

[Event "Livigno op-A 2nd"]
[Site "Livigno"]
[Date "2011.09.15"]
[Round "5"]
[White "Scalcione, Michelangelo"]
[Black "Cebalo, Miso"]
[Result "1/2-1/2"]
[WhiteElo "2337"]
[BlackElo "2478"]
[PlyCount "62"]
[EventDate "2011.09.12"]
[EventType "swiss"]
[EventRounds "9"]
[EventCountry "ITA"]
[SourceTitle "CBM 144 Extra"]
[Source "ChessBase"]
[SourceDate "2011.10.28"]
[SourceVersion "1"]
[SourceVersionDate "2011.10.28"]
[SourceQuality "1"]

1. Nf3 c5 2. b3 d5 3. e3 a6 4. Ba3 e6 5. d4 b6 6. Bd3 Nf6 7. 0-0 Nbd7 8. Ne5 Nxe5 9. dxe5 Nd7 10. f4 g6 11. c4 Bb7 12. cxd5 Bxd5 13. Nc3 Bc6 14. Be4 Qc7 15. Qf3 Rc8 16. Bb2 Be7 17. Bxc6 Qxc6 18. Ne4 0-0 19. Rad1 Nb8 20. Rd6 Qb5 21. Qh3 Qe2 22. Rxe6 fxe6 23. Qxe6+ Kh8 24. Qxe7 Nc6 25. Qb7 Qxe3+ 26. Kh1 Qe2 27. Rg1 Na5 28. Qd7 Rfd8 29. Qf7 Rf8 30. Qd7 Rfd8 31. Qf7 Rf8 1/2-1/2

[Event "Livigno op-A 2nd"]
[Site "Livigno"]
[Date "2011.09.14"]
[Round "4"]
[White "Bossi, Alessandro"]
[Black "Scalcione, Michelangelo"]
[Result "0-1"]
[WhiteElo "2019"]
[BlackElo "2337"]
[PlyCount "70"]
[EventDate "2011.09.12"]
[EventType "swiss"]
[EventRounds "9"]
[EventCountry "ITA"]
[SourceTitle "CBM 144 Extra"]
[Source "ChessBase"]
[SourceDate "2011.10.28"]
[SourceVersion "1"]
[SourceVersionDate "2011.10.28"]
[SourceQuality "1"]

1. e4 d6 2. d4 Nf6 3. Nc3 c6 4. Nf3 Bg4 5. Be2 e6 6. Be3 d5 7. exd5 Bxf3 8. Bxf3 cxd5 9. 0-0 Nc6 10. Ne2 Bd6 11. c4 dxc4 12. Bxc6+ bxc6 13. Bg5 Bxh2+ 14. Kxh2 Ng4+ 15. Kg3 Qxg5 16. Qc1 Ne3+ 17. Kf3 Qf5+ 18. Kxe3 Qd3+ 19. Kf4 g5+ 20. Kxg5 Rg8+ 21. Kh4 Qxe2 22. Qf4 h5 23. f3 Rxg2 24. Kh3 h4 25. Rg1 Rg3+ 26. Rxg3 hxg3 27. Kxg3 0-0-0 28. Qxf7 Rxd4 29. Qg7 Rd2 30. Qh8+ Kb7 31. Rh1 Qf2+ 32. Kg4 Rd4+ 33. Kg5 Rd5+ 34. Kf6 Qd4+ 35. Kxe6 Qe3+ 0-1

[Event "Livigno op-A 2nd"]
[Site "Livigno"]
[Date "2011.09.13"]
[Round "3"]
[White "Scalcione, Michelangelo"]
[Black "Saptarshi, Roy Chowdhury"]
[Result "1/2-1/2"]
[WhiteElo "2337"]
[BlackElo "2385"]
[PlyCount "101"]
[EventDate "2011.09.12"]
[EventType "swiss"]
[EventRounds "9"]
[EventCountry "ITA"]
[SourceTitle "CBM 144 Extra"]
[Source "ChessBase"]
[SourceDate "2011.10.28"]
[SourceVersion "1"]
[SourceVersionDate "2011.10.28"]
[SourceQuality "1"]

1. Nf3 d5 2. d4 e6 3. c4 c6 4. Qc2 f5 5. g3 Nf6 6. Bg2 Bd6 7. 0-0 0-0 8. b3 Qe7 9. c5 Bc7 10. Bf4 b6 11. Bxc7 Qxc7 12. Ne5 Bb7 13. Nd2 bxc5 14. Qxc5 Nbd7 15. Nxd7 Nxd7 16. Qc3 a5 17. f4 Qd6 18. Nf3 Rfc8 19. Ne5 Nxe5 20. fxe5 Qe7 21. Rac1 a4 22. b4 Ba6 23. Qd2 a3 24. Rc5 Bc4 25. Rc1 Rab8 26. Bf3 Rb6 27. Rc3 Rxb4 28. Rxa3 Rcb8 29. Rca5 Rb2 30. Qe3 h6 31. Ra7 Qb4 32. Kf2 Rb1 33. Qc3 Qf8 34. Qa5 f4 35. g4 R1b7 36. Rxb7 Rxb7 37. Qa8 Rb8 38. Qa7 Qd8 39. Qc5 Qh4+ 40. Kg2 Bxe2 41. Bxe2 Rb2 42. Kf1 Rb1+ 43. Kg2 Rb2 44. Kf1 Rb1+ 45. Kg2 f3+ 46. Kxf3 Qh3+ 47. Kf2 Qxh2+ 48. Ke3 Qg3+ 49. Kd2 Qf4+ 50. Re3 Rb2+ 51. Kd3 1/2-1/2

[Event "ITA-chT 43rd"]
[Site "Spoleto"]
[Date "2011.04.30"]
[Round "6"]
[White "Scalcione, Michelangelo"]
[Black "Bruno, Fabio"]
[Result "0-1"]
[WhiteElo "2344"]
[BlackElo "2446"]
[PlyCount "72"]
[EventDate "2011.04.28"]
[EventType "team"]
[EventRounds "7"]
[EventCountry "ITA"]
[SourceTitle "EXT 2012"]
[Source "ChessBase"]
[SourceDate "2011.11.24"]
[SourceVersion "1"]
[SourceVersionDate "2011.11.24"]
[SourceQuality "1"]
[WhiteTeam "Portlab Club 64"]
[BlackTeam "Libertas Nereto"]
[WhiteTeamCountry "ITA"]
[BlackTeamCountry "ITA"]

1. Nf3 e6 2. c4 f5 3. d4 Nf6 4. g3 c6 5. Bg2 d5 6. 0-0 Bd6 7. b3 0-0 8. Ba3 b6 9. Qc1 Bb7 10. Bxd6 Qxd6 11. Qa3 c5 12. cxd5 exd5 13. Nc3 Nbd7 14. Rac1 a6 15. Rfd1 f4 16. Na4 Ne4 17. g4 Rae8 18. Ne1 h5 19. f3 c4 20. Qb2 hxg4 21. fxe4 dxe4 22. e3 f3 23. Qf2 fxg2 24. Qxg2 b5 25. Nc3 cxb3 26. axb3 Qh6 27. Qd2 Nf6 28. Ne2 Nd5 29. Ng2 Rf3 30. Ng3 Qh3 31. Rc5 Re6 32. Rxd5 Bxd5 33. Nf4 Rxf4 34. exf4 e3 35. Qe2 Bf3 36. Qc2 Rc6 0-1

[Event "ITA-chT 43rd"]
[Site "Spoleto"]
[Date "2011.04.29"]
[Round "4"]
[White "Scalcione, Michelangelo"]
[Black "Salvetti, Alec"]
[Result "1/2-1/2"]
[WhiteElo "2344"]
[BlackElo "2262"]
[PlyCount "154"]
[EventDate "2011.04.28"]
[EventType "team"]
[EventRounds "7"]
[EventCountry "ITA"]
[SourceTitle "EXT 2012"]
[Source "ChessBase"]
[SourceDate "2011.11.24"]
[SourceVersion "1"]
[SourceVersionDate "2011.11.24"]
[SourceQuality "1"]
[WhiteTeam "Portlab Club 64"]
[BlackTeam "Torveca"]
[WhiteTeamCountry "ITA"]
[BlackTeamCountry "ITA"]

1. Nf3 d5 2. d4 Nf6 3. c4 c6 4. Nc3 a6 5. a4 e6 6. Bg5 Bb4 7. e3 Nbd7 8. cxd5 exd5 9. Bd3 0-0 10. 0-0 a5 11. Qc2 h6 12. Bh4 Re8 13. Rae1 Be7 14. Nd2 Nf8 15. f3 Ne6 16. Bf2 b6 17. Ne2 c5 18. Bb5 Bd7 19. dxc5 Bxb5 20. axb5 Bxc5 21. Nb3 Qd7 22. Qd3 a4 23. Nbd4 Nxd4 24. exd4 Bd6 25. Ra1 Ra5 26. Nc3 Rea8 27. Bh4 Nh5 28. Rfe1 Bb4 29. Re5 Nf4 30. Qe3 Bxc3 31. Qxf4 Bb4 32. Qg3 Kh7 33. Qf2 Bd6 34. Qc2+ Kg8 35. Re2 Qxb5 36. Be7 Re8 37. Rae1 Bxe7 38. Rxe7 Raa8 39. Kf2 Rec8 40. Qd2 Qb3 41. R1e2 Qc4 42. Qf4 Rf8 43. Rc7 Qb5 44. Qf5 Rad8 45. h4 Qb4 46. Qf4 Rc8 47. Rd7 Qb3 48. Qf5 Rcd8 49. Rc7 Qb4 50. Qf4 Qb5 51. Qf5 Rd6 52. h5 Rf6 53. Qd7 Qb4 54. Qxd5 Rd6 55. Rc4 Rxd5 56. Rxb4 b5 57. Re5 Rfd8 58. Rxb5 Rxd4 59. Re2 R4d5 60. Rb4 a3 61. bxa3 Rxh5 62. a4 Rc5 63. Rb5 Rc6 64. Ra2 Rcd6 65. Rbb2 Ra6 66. Rb5 Rdd6 67. a5 g5 68. g4 Kg7 69. Rc2 Rf6 70. Rcc5 Kg6 71. Rc8 Kg7 72. Rbb8 Rfe6 73. Rg8+ Kf6 74. Rb5 Re5 75. Rh8 Rxa5 76. Rxh6+ Kg7 77. Rxe5 Rxe5 1/2-1/2

[Event "Cento op 1st"]
[Site "Cento"]
[Date "2011.02.09"]
[Round "5"]
[White "Dvirnyy, Danyyil"]
[Black "Scalcione, Michelangelo"]
[Result "1-0"]
[WhiteElo "2480"]
[BlackElo "2344"]
[PlyCount "61"]
[EventDate "2011.02.05"]
[EventType "swiss"]
[EventRounds "9"]
[EventCountry "ITA"]
[SourceTitle "CBM 140 Extra"]
[Source "ChessBase"]
[SourceDate "2011.03.01"]
[SourceVersion "1"]
[SourceVersionDate "2011.03.01"]
[SourceQuality "1"]

1. e4 d6 2. d4 Nf6 3. Nc3 e5 4. Nge2 c6 5. a4 Be7 6. g3 h5 7. h3 h4 8. g4 Qa5 9. Bg2 Na6 10. Bd2 Qc7 11. 0-0 Qd7 12. f4 g5 13. fxe5 dxe5 14. dxe5 Bc5+ 15. Kh1 Nxg4 16. hxg4 Qxg4 17. Qc1 Be6 18. Be3 Qh5 19. Bxc5 Nxc5 20. Qe3 Nd7 21. Nd5 cxd5 22. exd5 h3 23. Bf3 Bg4 24. Ng3 Qh4 25. Bxg4 Qxg4 26. e6 fxe6 27. dxe6 Nf8 28. Qe5 Rh7 29. Qb5+ Ke7 30. Qc5+ Kxe6 31. Rae1+ 1-0

[Event "Cento op 1st"]
[Site "Cento"]
[Date "2011.02.08"]
[Round "4"]
[White "Scalcione, Michelangelo"]
[Black "Arnetta, Maria Teresa"]
[Result "1-0"]
[WhiteElo "2344"]
[BlackElo "2071"]
[PlyCount "61"]
[EventDate "2011.02.05"]
[EventType "swiss"]
[EventRounds "9"]
[EventCountry "ITA"]
[SourceTitle "CBM 140 Extra"]
[Source "ChessBase"]
[SourceDate "2011.03.01"]
[SourceVersion "1"]
[SourceVersionDate "2011.03.01"]
[SourceQuality "1"]

1. Nf3 d5 2. d4 Nf6 3. c4 dxc4 4. e3 a6 5. Bxc4 b5 6. Bd3 Bb7 7. 0-0 e6 8. a4 Nbd7 9. axb5 axb5 10. Rxa8 Qxa8 11. Bxb5 Bxf3 12. Qxf3 Qxf3 13. gxf3 Bb4 14. Na3 Ke7 15. Nc2 Rb8 16. Bc4 Bd6 17. e4 Nb6 18. Bd3 e5 19. f4 Nbd7 20. fxe5 Bxe5 21. f4 Nc5 22. fxe5 Nxd3 23. exf6+ gxf6 24. Ne3 Kd7 25. Rd1 Nxb2 26. Rd2 Na4 27. Rc2 c6 28. Kf2 Rb4 29. d5 cxd5 30. Nxd5 Rb3 31. Rc7+ 1-0

[Event "Cento op 1st"]
[Site "Cento"]
[Date "2011.02.06"]
[Round "2"]
[White "Scalcione, Michelangelo"]
[Black "Colonnello, Piero"]
[Result "1-0"]
[WhiteElo "2344"]
[BlackElo "1934"]
[PlyCount "39"]
[EventDate "2011.02.05"]
[EventType "swiss"]
[EventRounds "9"]
[EventCountry "ITA"]
[SourceTitle "CBM 140 Extra"]
[Source "ChessBase"]
[SourceDate "2011.03.01"]
[SourceVersion "1"]
[SourceVersionDate "2011.03.01"]
[SourceQuality "1"]

1. d4 Nf6 2. Nf3 d5 3. c4 e6 4. Nc3 Be7 5. Bg5 0-0 6. e3 c6 7. Qc2 Nbd7 8. 0-0-0 dxc4 9. Bxc4 b5 10. Bd3 Bb7 11. Ne5 h6 12. Bxf6 Nxf6 13. Ne4 Qd5 14. Nc3 Qd6 15. Kb1 Rfd8 16. Ne4 Qc7 17. Rc1 Rac8 18. Nc5 Ba8 19. f4 Nd5 20. Bh7+ 1-0

[Event "Cutro op-A 16th"]
[Site "Cutro "]
[Date "2010.05.02"]
[Round "9"]
[White "Lacrosse, Marc"]
[Black "Scalcione, Michelangelo"]
[Result "1/2-1/2"]
[WhiteElo "2189"]
[BlackElo "2378"]
[PlyCount "36"]
[EventDate "2010.04.24"]
[EventType "swiss"]
[EventRounds "9"]
[EventCountry "ITA"]
[SourceTitle "EXT 2012"]
[Source "ChessBase"]
[SourceDate "2011.11.24"]
[SourceVersion "1"]
[SourceVersionDate "2011.11.24"]
[SourceQuality "1"]

1. d4 d5 2. c4 e5 3. Nc3 exd4 4. Qxd4 Nc6 5. Qd2 Nf6 6. b3 Be7 7. Bb2 0-0 8. e4 Re8 9. f3 Bf8 10. Rd1 a5 11. Nge2 Nd7 12. g3 Nc5 13. Bg2 f5 14. 0-0 fxe4 15. Nxe4 Nxe4 16. fxe4 Bg4 17. Rf4 Be6 18. Nd4 Bd7 1/2-1/2

[Event "Cutro op-A 16th"]
[Site "Cutro "]
[Date "2010.04.25"]
[Round "2"]
[White "Scalcione, Michelangelo"]
[Black "Levin, Felix"]
[Result "0-1"]
[WhiteElo "2378"]
[BlackElo "2494"]
[PlyCount "94"]
[EventDate "2010.04.24"]
[EventType "swiss"]
[EventRounds "9"]
[EventCountry "ITA"]
[SourceTitle "EXT 2012"]
[Source "ChessBase"]
[SourceDate "2011.11.24"]
[SourceVersion "1"]
[SourceVersionDate "2011.11.24"]
[SourceQuality "1"]

1. Nf3 Nf6 2. c4 b6 3. g3 Bb7 4. Bg2 e6 5. 0-0 Be7 6. d3 d5 7. b3 0-0 8. Bb2 c5 9. Nbd2 Nc6 10. Ne5 Qc7 11. Nxc6 Bxc6 12. e4 d4 13. f4 Nd7 14. Qe2 Rae8 15. Rae1 f6 16. Bc1 Bd8 17. Nf3 b5 18. Bd2 bxc4 19. bxc4 Nb6 20. Ba5 Qd7 21. Bxb6 axb6 22. e5 f5 23. Rb1 Bc7 24. Ne1 Ra8 25. Bxc6 Qxc6 26. Rb2 Ra5 27. Nc2 Rfa8 28. a3 b5 29. cxb5 Rxb5 30. Rfb1 Rab8 31. Rxb5 Rxb5 32. Rxb5 Qxb5 33. Ne1 Ba5 34. Nf3 c4 35. dxc4 Qb1+ 36. Kg2 d3 37. Qf2 Qc2 38. Nd4 Qxf2+ 39. Kxf2 Bb6 40. Ke3 Bxd4+ 41. Kxd3 Bc5 42. a4 Kf7 43. h3 h5 44. Ke2 Ke8 45. Kf3 Kd7 46. g4 g6 47. gxh5 gxh5 0-1

[Event "ITA-ch sf 69th"]
[Site "Arvier"]
[Date "2009.10.02"]
[Round "7"]
[White "Bentivegna, Francesco"]
[Black "Scalcione, Michelangelo"]
[Result "0-1"]
[WhiteElo "2349"]
[BlackElo "2387"]
[PlyCount "150"]
[EventDate "2009.09.26"]
[EventType "swiss"]
[EventRounds "9"]
[EventCountry "ITA"]
[SourceTitle "CBM 132 Extra"]
[Source "ChessBase"]
[SourceDate "2009.11.03"]
[SourceVersion "1"]
[SourceVersionDate "2009.11.03"]
[SourceQuality "1"]

1. e4 d6 2. Nc3 Nf6 3. f4 d5 4. e5 d4 5. Nce2 Nd5 6. Nxd4 Nxf4 7. Ndf3 Nd5 8. d4 Bf5 9. Bd3 Bxd3 10. Qxd3 e6 11. Ne2 Be7 12. 0-0 c5 13. Kh1 cxd4 14. Qxd4 h5 15. Bd2 Qb6 16. Qe4 Nd7 17. c4 Nb4 18. Ng5 Bxg5 19. Bxg5 Nc6 20. Rad1 Ncxe5 21. Nd4 a6 22. b3 f6 23. Be3 Nc5 24. Qb1 0-0 25. Nxe6 Qxe6 26. Bxc5 Rfd8 27. Qe4 Qc6 28. Qxc6 Nxc6 29. Kg1 Kf7 30. Bb6 Rxd1 31. Rxd1 Ke6 32. Rd5 Ne5 33. Bc5 b5 34. Rd6+ Kf5 35. cxb5 axb5 36. Rd2 Rc8 37. b4 Ke4 38. Rd4+ Kf5 39. h3 Ra8 40. Rd2 Ra3 41. Bf8 g5 42. Rf2+ Ke6 43. Rc2 h4 44. Kf1 Nd3 45. Re2+ Kf5 46. Be7 Rc3 47. Rd2 Rc1+ 48. Ke2 Nf4+ 49. Kf2 Nh5 50. Bd6 Ke4 51. Re2+ Kd5 52. Rd2+ Ke4 53. Re2+ Kd5 54. Rd2+ Ke6 55. Bb8 Rb1 56. Bd6 Ng7 57. Bc5 Nf5 58. Kf3 Rc1 59. Re2+ Kf7 60. Rd2 Rc3+ 61. Ke2 Ng3+ 62. Kd1 Ne4 63. Rd4 f5 64. Rd7+ Ke6 65. Re7+ Kd5 66. Rd7+ Kc6 67. Rf7 f4 68. Rg7 Rg3 69. Rg6+ Kd5 70. Bf8 Rxg2 71. a4 bxa4 72. Ke1 a3 73. Ra6 a2 74. Kf1 f3 75. Bc5 Rb2 0-1